Statistics for Countries of the world by population

Click here to take the quiz!

General Stats

  • This quiz has been taken 26 times
  • The average score is 107 of 194

Answer Stats

PopulationFirst LetterContinentAnswer% Correct
1,425,671,352CAsiaChina
100%
1,428,627,663IAsiaIndia
100%
45,773,884ASouth AmericaArgentina
91%
172,954,319BAsiaBangladesh
91%
216,422,446BSouth AmericaBrazil
91%
52,085,168CSouth AmericaColombia
91%
102,262,808DAfricaDR Congo
91%
112,716,598EAfricaEgypt
91%
126,527,060EAfricaEthiopia
91%
64,756,584FEuropeFrance
91%
83,294,633GEuropeGermany
91%
277,534,122IAsiaIndonesia
91%
89,172,767IAsiaIran
91%
58,870,762IEuropeItaly
91%
123,294,513JAsiaJapan
91%
55,100,586KAfricaKenya
91%
128,455,567MNorth AmericaMexico
91%
54,577,997MAsiaMyanmar
91%
223,804,632NAfricaNigeria
91%
240,485,658PAsiaPakistan
91%
117,337,368PAsiaPhilippines
91%
144,444,359RAsiaRussia
91%
60,414,495SAfricaSouth Africa
91%
47,519,628SEuropeSpain
91%
48,109,006SAfricaSudan
91%
67,438,106TAfricaTanzania
91%
71,801,279TAsiaThailand
91%
48,582,334UAfricaUganda
91%
67,736,802UEuropeUnited Kingdom
91%
339,996,563UNorth AmericaUnited States
91%
98,858,950VAsiaVietnam
91%
34,449,825YAsiaYemen
91%
42,239,854AAsiaAfghanistan
82%
45,606,480AAfricaAlgeria
82%
28,647,293CAfricaCameroon
82%
38,781,291CNorth AmericaCanada
82%
45,504,560IAsiaIraq
82%
34,308,525MAsiaMalaysia
82%
33,897,354MAfricaMozambique
82%
34,352,719PSouth AmericaPeru
82%
51,784,059SAsiaSouth Korea
82%
85,816,199TAsiaTurkey
82%
36,744,634UEuropeUkraine
82%
35,163,944UAsiaUzbekistan
82%
28,838,499VSouth AmericaVenezuela
82%
36,684,202AAfricaAngola
73%
26,439,111AOceaniaAustralia
73%
34,121,985GAfricaGhana
73%
20,931,751MAfricaMalawi
73%
37,840,044MAfricaMorocco
73%
41,026,067PEuropePoland
73%
36,947,025SAsiaSaudi Arabia
73%
11,686,140BEuropeBelgium
64%
23,251,485BAfricaBurkina Faso
64%
19,629,590CSouth AmericaChile
64%
11,194,449CCentral AmericaCuba
64%
11,332,972DCentral AmericaDominican Republic
64%
11,724,763HCentral AmericaHaiti
64%
10,593,798HCentral AmericaHonduras
64%
10,156,239HEuropeHungary
64%
30,325,732MAfricaMadagascar
64%
23,293,698MAfricaMali
64%
30,896,590NAsiaNepal
64%
17,618,299NEuropeNetherlands
64%
27,202,843NAfricaNiger
64%
26,160,821NAsiaNorth Korea
64%
19,892,812REuropeRomania
64%
23,227,014SAsiaSyria
64%
23,923,276TAsiaTaiwan
64%
20,569,737ZAfricaZambia
64%
10,412,651AAsiaAzerbaijan
55%
9,498,238BEuropeBelarus
55%
13,712,828BAfricaBenin
55%
12,388,571BSouth AmericaBolivia
55%
13,238,559BAfricaBurundi
55%
18,278,568CAfricaChad
55%
5,212,173CCentral AmericaCosta Rica
55%
28,873,034CAfricaCôte d'Ivoire
55%
10,495,295CEuropeCzech Republic
55%
5,910,913DEuropeDenmark
55%
18,190,484ESouth AmericaEcuador
55%
3,748,901EAfrocaEritrea
55%
5,545,475FEuropeFinland
55%
3,728,282GAsiaGeorgia
55%
18,092,026GCentral AmericaGuatemala
55%
813,834GSouth AmericaGuyana
55%
5,056,935IEuropeIreland
55%
11,337,052JAsiaJordan
55%
19,606,633KAsiaKazakhstan
55%
7,046,310NCentral AmericaNicaragua
55%
5,474,360NEuropeNorway
55%
4,644,384OAsiaOman
55%
10,329,931POceaniaPapua New Guinea
55%
6,861,524PSouth AmericaParaguay
55%
10,247,605PEuropePortugal
55%
14,094,683RAfricaRwanda
55%
17,763,163SAfricaSenegal
55%
5,795,199SEuropeSlovakia
55%
11,088,796SAfricaSouth Sudan
55%
10,612,086SEuropeSweden
55%
10,143,543TAsiaTajikistan
55%
12,458,223TAfricaTunisia
55%
8,958,960AEuropeAustria
45%
6,687,717BEuropeBulgaria
45%
16,944,826CAsiaCambodia
45%
6,364,943ECentral AmericaEl Salvador
45%
1,210,822EAfricaEswatini
45%
10,341,277GEuropeGreece
45%
14,190,612GAfricaGuinea
45%
375,318IIcelandIceland
45%
9,174,520IAsiaIsrael
45%
2,825,544JNorth AmericaJamaica
45%
4,310,108KAsiaKuwait
45%
6,735,347KAsiaKyrgyzstan
45%
7,633,779LAsiaLaos
45%
1,830,211LEuropeLatvia
45%
5,418,377LAfricaLiberia
45%
6,888,388LAfricaLibya
45%
2,718,352LEuropeLithuania
45%
4,862,989MAfricaMauritania
45%
5,228,100NOceaniaNew Zealand
45%
4,468,087PCentral AmericaPanama
45%
8,791,092SAfricaSierra Leone
45%
6,014,723SAsiaSingapore
45%
18,143,378SAfricaSomalia
45%
8,796,669SEuropeSwitzerland
45%
9,053,799TAfricaTogo
45%
1,534,937TCentral AmericaTrinidad and Tobago
45%
6,516,100TAsiaTurkmenistan
45%
9,516,871UAsiaUnited Arab Emirates
45%
16,665,409ZAfricaZimbabwe
45%
80,088AEuropeAndorra
36%
94,298ANorth AmericaAntigua and Barbuda
36%
2,777,970AAsiaArmenia
36%
1,485,509BAsiaBahrain
36%
281,995BNorth AmericaBarbados
36%
410,825BCentral AmericaBelize
36%
3,210,847BEuropeBosnia and Herzegovina
36%
598,682CAfricaCape Verde
36%
5,742,315CAfricaCentral African Republic
36%
852,075CAfricaComoros
36%
6,106,869CAfricaCongo
36%
4,008,617CEuropeCroatia
36%
1,136,455DAfricaDjibouti
36%
73,040DNorth AmericaDominica
36%
1,714,671EAfricaEquatorial Guinea
36%
936,375FOceaniaFiji
36%
2,436,566GAfricaGabon
36%
126,183GNorth AmericaGrenada
36%
2,150,842GAfricaGuinea-Bissau
36%
133,515KOceaniaKiribati
36%
5,353,930LAsiaLebanon
36%
2,330,318LAfricaLesotho
36%
39,584LEuropeLiechtenstein
36%
654,768LEuropeLuxembourg
36%
3,435,931MEuropeMoldova
36%
36,297MEuropeMonaco
36%
626,485MEuropeMontenegro
36%
18,058POceaniaPalau
36%
2,716,391QAsiaQatar
36%
47,755SNorth AmericaSaint Kitts & Nevis
36%
225,681SOceaniaSamoa
36%
231,856SAfricaSao Tome & Principe
36%
7,149,077SEuropeSerbia
36%
107,660SAfricaSeychelles
36%
2,119,675SEuropeSlovenia
36%
740,424SOceaniaSolomon Islands
36%
21,893,579SAsiaSri Lanka
36%
623,236SSouth AmericaSuriname
36%
107,773TOceaniaTonga
36%
3,423,108USouth AmericaUruguay
36%
334,506VOceaniaVanuatu
36%
807VEuropeVatican City
36%
412,623BNorth AmericaBahamas
27%
787,424BAsiaBhutan
27%
2,675,352BAfricaBotswana
27%
1,322,765EEuropeEstonia
27%
2,773,168GAfricaGambia
27%
535,064MEuropeMalta
27%
41,996MOceaniaMarshall Islands
27%
1,300,557MAfricaMauritius
27%
3,447,157MAsiaMongolia
27%
12,780NOceaniaNauru
27%
2,085,679MEuropeNorth Macedonia
27%
180,251SNorth AmericaSaint Lucia
27%
33,642SEuropeSan Marino
27%
2,832,439AEuropeAlbania
18%
452,524BAsiaBrunei
18%
1,260,138CAsiaCyprus
18%
521,021MAsiaMaldives
18%
544,321MOceaniaMicronesia
18%
2,604,172NAfricaNamibia
18%
1,360,596TAsiaTimor-Leste
18%
103,698SNorth AmericaSt. Vincent & Grenadines
0%

Score Distribution

Percentile by Number Answered

Percent of People with Each Score

Your Score History

You have not taken this quiz